How fast can you type the country "Laos" - Statistics

General Stats
  • This quiz has been taken 160 times
  • The average score is 29 of 32
Answer Stats
Answer % Correct
l
100%
a
99%
o
99%
s
98%
l
96%
a
95%
o
94%
a
93%
l
93%
s
93%
o
92%
a
91%
l
91%
o
91%
s
91%
l
90%
s
90%
a
88%
o
88%
a
87%
l
87%
o
87%
s
87%
s
87%
l
85%
a
84%
o
84%
s
82%
a
80%
l
80%
o
79%
s
78%
No matching quizzes found
Score Distribution
Percent of People with Each Score
Percentile by Number Answered
Your Score History
You have not taken this quiz